Sports Quiz

Random Sports or WWE Quiz

WWE's Top 50 Superstars of All Time Quiz Stats

 Plays Quiz Updated Jun 10, 2015

Also try: WWE Champions
Challenge
Share
Tweet
Embed
Score 0/50 Timer 10:00
0 Plays Today
Rank Wrestler % Correct
16John Cena
91.6%
2The Undertaker
90.5%
23Hulk Hogan
89.1%
5The Rock
87.8%
12Triple H
87.7%
3'Stone Cold' Steve Austin
84.9%
1Shawn Michaels
84.5%
43Kane
78.9%
17*'Nature Boy' Ric Flair
75.5%
29Randy Orton
75.1%
4Bret 'Hitman' Hart
74.8%
40Big Show
71.7%
19Edge
68.3%
14'Macho Man' Randy Savage
68.3%
8André the Giant
67%
25Chris Jericho
59.9%
33Mick Foley
59.2%
34Kurt Angle
57.8%
49Batista
57.6%
9Rey Mysterio
54.9%
45Jeff Hardy
53.9%
11Eddie Guerrero
51.1%
10'Rowdy' Roddy Piper
44.2%
24Bruno Sammartino
43%
17*'American Dream' Dusty Rhodes
40.2%
Rank Wrestler % Correct
7Ricky 'The Dragon' Steamboat
38%
26'Million Dollar Man' Ted Dibiase
37.7%
39Jake 'The Snake' Roberts
36.8%
15Curt Hennig
33.8%
31Iron Sheik
32.6%
42Sgt. Slaughter
32%
47Bob Backlund
31.7%
32'Superfly' Jimmy Snuka
31.5%
20Jerry 'The King' Lawler
29%
48'Ravishing' Rick Rude
26.6%
35'Nature Boy' Buddy Rogers
23%
38'Superstar' Billy Graham
20.8%
37Junkyard Dog
20.4%
6Harley Race
19.3%
30Pat Patterson
17.1%
22Terry Funk
16.3%
46Dory Funk, Jr.
15%
27Fabulous Moolah
13.2%
36Gorilla Monsoon
12.6%
13Gorgeous George
11.6%
41Jack Brisco
11.5%
21Lou Thesz
10.4%
50Killer Kowalski
9.7%
28'Classy' Freddie Blassie
8.3%
44Nick Bockwinkel
6.9%

You're not logged in!

Compare scores with friends on all Sporcle quizzes.
OR
Log In

You Might Also Like...

Show Comments

Extras

Top Quizzes Today


Score Distribution

Your Account Isn't Verified!

In order to create a playlist on Sporcle, you need to verify the email address you used during registration. Go to your Sporcle Settings to finish the process.

Report this User

Report this user for behavior that violates our Community Guidelines.

Details: